Living Spaces /

Bewaard in:
Bibliografische gegevens
Hoofdauteur: Nelson, George (ed. e introd.)
Formaat: Boek
Taal:Engels
Gepubliceerd in: Nueva York, EUA : Whitney, 1952, c1952
Reeks:(Interiors Library ; 1)
Onderwerpen:
Tags: Voeg label toe
Geen labels, Wees de eerste die dit record labelt!

MARC

LEADER 00000nam^a2200000^a^4500
001 000190999
005 20250521000000.0
009 20260310102510.274
037 |a Acervo ITESO - Biblioteca 
041 |a ING 
082 |a 747.  |b INT V. 1 
100 |a Nelson, George  |e (ed. e introd.) 
245 1 0 |a Living Spaces /  |c Ed. e introd. de G. Nelson. 
264 4 |a Nueva York, EUA :  |b Whitney,  |c 1952, c1952 
300 |a 145 p. 
336 |a texto  |b txt  |2 rdacontenido 
337 |a sin mediación  |b n  |2 rdamedio 
338 |a volumen  |b nc  |2 rdasoporte 
440 1 |a (Interiors Library ;  |v 1) 
649 |a XX 
650 |a Decoración y Ornamentación -  |z EUA -  |x Historia y Crítica -  |x Tema Principal 
650 |a Arquitectura Moderna -  |z EUA -  |x Historia y Crítica 
650 |a Arquitectura Norteamericana -  |x Historia y Crítica 
650 |a Arte Moderno -  |z EUA -  |x Historia y Crítica 
650 |a Arte Norteamericano -  |x Historia y Crítica 
910 |a Fondo Julio de la Peña Lomelín 
920 |a Impresos - Libros 
930 |a Arquitectos Jaliscienses 
905 |a 115 
901 |a 0500134933  |b IT1  |c JAL  |u 20250521 
902 |a https://opac.biblio.iteso.mx/vufind/Record/000190999